000 00580nam a2200205Ia 4500
999 _c45194
_d45194
001 12017
003 GE_BSU
005 20221121111917.0
008 181216s2011en xx |||||||||||||| ||eng||
020 _a9781618630285x
040 _cGE_BSU
080 _a327 T-43
100 _aThanjan,Davis K.
_915953
245 _aInternational Affairs /
_cDavis K. Thanjan
264 _aMorgan Hill :
_bBook,
_c2011.
300 _a319 p.:
_b22 cm.
653 _aInternational Affairs
653 _aᲡაერთაშორისო ურთიერთობები
942 _cBK
_2udc